[Event "ICS rated blitz match"]
[Site "207.99.83.227"]
[Date "1999.03.27"]
[Round "?"]
[White "Hossa"]
[Black "PWolff"]
[Result "0-1"]
[WhiteElo "2575"]
[BlackElo "2544"]
[Annotator "Crafty v16.6"]
[PlyCount "128"]

{annotating for player Hossa using a scoring margin of +0.10 pawns. search
time limit is 12.00} 1. e4 1... c5 2. Bc4 Nc6 3. a3 ({8:-0.28} 3. a3 3... Nf6
4. Nc3 Na5 5. Be2 e5 6. Nf3 6... Bd6 $10) ({8:+0.03} 3. Nf3 3... e5 4. Nc3 d6
5. Nb5 Bg4 6. h3 6... Na5 $10) 3... Nf6 4. Nc3 e6 5. Nf3 a6 6. O-O d5 7. exd5
exd5 8. Ba2 Be7 9. d4 c4 10. Bg5 O-O 11. Qd2 Be6 12. Rae1 b5 13. Ne5 Rc8 14.
Nxc6 Rxc6 15. Qf4 ({9:-0.56} 15. Qf4 15... h6 16. Bxf6 Bxf6 17. Qe3 Bf5 18. Bb1
Re6 19. Qf4 Rfe8 20. Rxe6 20... Bxe6 $15) ({9:-0.16} 15. Re2 15... Re8 16. Rfe1
Ng4 17. Bf4 Bh4 18. h3 Nf6 19. Re5 $10) 15... h6 16. Bxh6 ({9:-1.61} 16. Bxh6
16... gxh6 17. Qxh6 Nd7 18. Qh5 Nb6 19. Re2 Re8 20. Rfe1 $19) ({9:-0.59} 16.
Bxf6 16... Bxf6 17. Re2 Qd6 18. Qe3 Bg5 19. Qf3 Bf4 20. Rfe1 20... Re8 $15)
16... gxh6 17. Qxh6 Nh7 18. Re3 Bg5 19. Rg3 Kh8 20. Qh5 Rg8 21. b4 ({7:-2.20} 
21. b4 21... Bd2 22. Ne2 Rxg3 23. Nxg3 Qg5 24. Qxg5 Nxg5 25. h4 $19) ({7:-1.90
} 21. Ne2 21... Bd2 22. b3 Rxg3 23. Nxg3 Qd6 24. bxc4 bxc4 25. Rd1 $19) 21...
Rd6 22. f4 ({8:-2.29} 22. f4 22... Bf6 23. Ne2 Rxg3 24. hxg3 Qe7 25. f5 Bd7 26.
Re1 $19) ({8:-1.90} 22. Ne2 22... Qf6 23. Bb1 Qg6 24. Qf3 Qf5 25. Re1 Qxf3 26.
Rxf3 $19) 22... Bf6 23. Ne2 Rxg3 24. Nxg3 ({10:-3.00} 24. Nxg3 24... Bxd4+ 25.
Kh1 Qf6 26. Qd1 Kg8 27. c3 Bxc3 28. Ne4 dxe4 29. Qxd6 $19) ({10:-2.67} 24. hxg3
24... Kg8 25. Bb1 Bg7 26. f5 Bd7 27. Re1 Rh6 28. Qf3 28... Nf6 $19) 24... Bxd4+
25. Kh1 f5 26. Nxf5 Bxf5 27. Qxf5 Qf8 28. Qh5 ({9:-1.24} 28. Qh5 28... Bb2 29.
Re1 Rd8 30. Qh4 Ra8 31. Bb1 Bxa3 32. Re7 $17) ({9:-1.07} 28. Qxf8+ 28... Nxf8
29. g4 Bb2 30. Rf3 d4 31. a4 d3 32. cxd3 cxd3 33. axb5 d2 34. Rh3+ 34... Kg7
$17) 28... Bg7 29. f5 Rh6 30. Qf3 Qd6 31. h3 Nf6 32. Qd1 ({9:-2.17} 32. Qd1
32... Ne4 33. Rf3 Ng3+ 34. Kg1 Qe5 35. Rxg3 Qxg3 36. Kh1 36... Qxa3 $19) ({
9:-1.48} 32. Re1 32... Ne4 33. Rxe4 dxe4 34. Qxe4 Qd1+ 35. Kh2 Qa1 36. Bxc4
36... bxc4 $17) 32... Ne4 33. Rf3 d4 34. Qe1 Qe5 35. Bb1 Nc3 36. Qf1 Rf6 37. g4
Bh6 38. Kg2 Be3 39. Qh1 ({9:-2.71} 39. Qh1 39... d3 40. cxd3 Bd4 41. Rf2 Bxf2
42. Kxf2 Qe2+ 43. Kg3 43... cxd3 $19) ({9:-2.40} 39. h4 39... Ne4 40. h5 Nd2
41. Qd1 Qe4 42. Kg3 c3 43. Rf1 Nxf1+ 44. Qxf1 $19) 39... Qe4 40. Qf1 Bg5 41. a4
({7:-3.50} 41. a4 41... Bh4 42. axb5 Nxb1 43. Qxb1 Qe2+ 44. Kg1 Qxf3 45. bxa6
45... Rxa6 $19) ({7:-2.54} 41. Kg3 41... Ne2+ 42. Kg2 Bh4 43. Kh2 c3 44. Rd3
44... Nf4 $19) 41... Rf7 42. axb5 axb5 43. Kg3 ({9:-5.21} 43. Kg3 43... Nxb1
44. Rf2 Nd2 45. Qd1 c3 46. Kh2 Bf4+ 47. Rxf4 Qxf4+ 48. Kh1 $19) ({9:-4.19} 43.
Qg1 43... Bh4 44. Qc1 Qe2+ 45. Kg1 Qxf3 46. Qh6+ Kg8 47. Qxh4 Qe3+ 48. Kh2
48... Nxb1 $19) 43... Bf6 44. Kg2 ({8:-4.19} 44. Kg2 44... Bh4 45. Qc1 Qe2+ 46.
Kg1 Qxf3 47. Qh6+ Kg8 48. Qxh4 48... Nxb1 $19) ({8:-3.10} 44. Rxc3 44... dxc3
45. Kf2 Bd4+ 46. Kg3 Qe3+ 47. Kh2 Be5+ 48. Kh1 Rh7 49. f6 Rxh3+ 50. Kg2 $19)
44... Ra7 45. Qc1 Qe2+ 46. Rf2 Qe3 47. Qf1 Ra1 48. Rf3 Qe4 49. Qc1 Qe2+ 50. Rf2
Qe3 51. Rf1 Rxb1 52. Qxe3 dxe3 53. Rxb1 Nxb1 54. Kf3 Bd4 55. f6 Nc3 56. f7 Kg7
57. g5 e2 58. h4 e1=Q 59. f8=Q+ Kxf8 60. g6 Qe4+ 61. Kg3 Ne2+ 62. Kh3 Qf3+ 63.
Kh2 Qg3+ 64. Kh1 Qg1# 0-1

[Event "ICS Rated blitz match"]
[Site "207.99.83.227"]
[Date "1999.03.28"]
[Round "?"]
[White "Kirlian"]
[Black "Hossa"]
[Result "0-1"]
[WhiteElo "2544"]
[BlackElo "2558"]
[PlyCount "70"]

1. e4 c5 2. Nc3 Nc6 3. d3 e5 4. g3 Nf6 5. Bg2 Be7 6. Nge2 O-O 7. O-O d6 8. h3
Bd7 9. Be3 Qc8 10. Kh2 Be6 11. f4 Bg4 12. Qd2 Bxe2 13. Nxe2 Qd8 14. Nc3 exf4
15. gxf4 Qb6 16. b3 Rae8 17. Bf3 Kh8 18. Rf2 Qa6 19. a4 Bd8 20. Rg1 Ba5 21. Qe1
c4 22. bxc4 Rg8 23. Rfg2 Rc8 24. Qa1 Bxc3 25. Qxc3 Qxa4 26. e5 dxe5 27. fxe5
Ne8 28. Bh5 Nd8 29. e6 Rc7 30. Bh6 Nxe6 31. Rf1 Nd6 32. Ra1 Qc6 33. Be3 Nf5 34.
Bf2 Nf4 35. Rg5 35... f6 {Kirlian resigns} 0-1

[Event "ICS rated blitz match"]
[Site "207.99.83.227"]
[Date "1999.03.28"]
[Round "?"]
[White "Hossa"]
[Black "jo"]
[Result "1-0"]
[WhiteElo "2573"]
[BlackElo "2418"]
[PlyCount "79"]

1. e4 c5 2. Bc4 e6 3. Nc3 h5 4. Nf3 a6 5. O-O h4 6. d4 cxd4 7. Qxd4 Nc6 8. Qd3
h3 9. g4 b5 10. Bb3 d6 11. Rd1 Qc7 12. Kh1 Be7 13. Bg5 Nf6 14. Bxf6 gxf6 15.
Qf1 Bb7 16. a4 b4 17. Na2 Ne5 18. Nxe5 dxe5 19. f3 a5 20. Rac1 Kf8 21. c3 Qb6
22. cxb4 axb4 23. Qg1 Qxg1+ 24. Kxg1 Rc8 25. Rd7 Rxc1+ 26. Nxc1 Bc6 27. Rc7 Be8
28. Nd3 Bd6 29. Rb7 f5 30. a5 fxe4 31. fxe4 Bc6 32. Rb6 Bxe4 33. Rxd6 Ke7 34.
Nxe5 Rc8 35. Rd7+ Kf6 36. Nxf7 Rc1+ 37. Kf2 Rh1 38. Kg3 Bg2 39. g5+ Kf5 40.
Bc2+ {jo resigns} 1-0

[Event "ICS rated blitz match"]
[Site "207.99.83.227"]
[Date "1999.03.28"]
[Round "?"]
[White "jo"]
[Black "Hossa"]
[Result "0-1"]
[WhiteElo "2409"]
[BlackElo "2582"]
[PlyCount "58"]

1. e4 c5 2. Nf3 Nc6 3. d3 Nf6 4. g3 e5 5. Bg2 Be7 6. O-O O-O 7. Nc3 d6 8. Nh4
Bg4 9. f3 Be6 10. Nf5 Bxf5 11. exf5 Qd7 12. g4 Rad8 13. Bd2 d5 14. Qe2 Nd4 15.
Qd1 c4 16. Ne2 Nc6 17. a3 cxd3 18. cxd3 Rc8 19. h4 Ne8 20. h5 Qd8 21. h6 Qb6+
22. Kh1 Qxb2 23. hxg7 Nxg7 24. Qe1 Bxa3 25. f6 Ne6 26. Bh6 Rfe8 27. Ng3 Bb4 28.
Qe3 Bc5 29. Qe1 29... Nf4 {jo resigns} 0-1

[Event "ICS rated blitz match"]
[Site "207.99.83.227"]
[Date "1999.03.28"]
[Round "?"]
[White "Hossa"]
[Black "jo"]
[Result "1-0"]
[WhiteElo "2591"]
[BlackElo "2400"]
[PlyCount "22"]

1. e4 h5 2. Be2 h4 3. d4 c5 4. dxc5 Qa5+ 5. Nc3 Qxc5 6. Nh3 Qc7 7. O-O a6 8.
Nd5 Qc6 9. Be3 e6 10. Nb6 Qxe4 11. Nxa8 11... Nc6 {jo resigns} 1-0

[Event "ICS rated blitz match"]
[Site "207.99.83.227"]
[Date "1999.03.28"]
[Round "?"]
[White "WhiteHorse"]
[Black "Hossa"]
[Result "1-0"]
[WhiteElo "2383"]
[BlackElo "2620"]
[Annotator "Crafty v16.6"]
[PlyCount "115"]

{annotating for player Hossa using a scoring margin of +0.10 pawns. search
time limit is 12.00} 1. d4 1... Nf6 2. c3 e6 3. e3 d5 4. f4 Be7 ({8:-0.02} 4...
Be7 5. Nd2 c5 6. Ngf3 cxd4 7. cxd4 Nc6 8. Bb5 8... Bb4 $10) ({8:+0.14} 4... c5
5. Bd3 cxd4 6. cxd4 Nc6 7. Ne2 Bd7 8. Nbc3 8... Bb4 $10) 5. Bd3 c5 6. Bd2 c4 ({
8:+0.03} 6... c4 7. Bc2 Nc6 8. Qf3 Bd7 9. Ne2 Qb6 10. Bc1 $10) ({8:+0.19} 6...
Nc6 7. Nf3 Ne4 8. Qc2 cxd4 9. exd4 f5 10. O-O 10... O-O $10) 7. Bc2 O-O ({
9:-0.38} 7... O-O 8. Nf3 Nc6 9. Ng5 Bd7 10. Na3 Bxa3 11. bxa3 Qe7 12. a4 $14) (
{9:-0.03} 7... Nc6 8. Nf3 Bd7 9. Na3 Bxa3 10. bxa3 Ne4 11. O-O Qe7 12. Bxe4
12... dxe4 $10) 8. Bc1 Nfd7 9. Nf3 Bh4+ ({9:-0.43} 9... Bh4+ 10. Nxh4 Qxh4+ 11.
g3 Qh3 12. Qe2 Nc6 13. Na3 Nf6 14. Bd2 14... Ng4 $14) ({9:-0.29} 9... Nc6 10.
Nbd2 Nb6 11. Ng1 e5 12. fxe5 Re8 13. Ngf3 13... Bg4 $10) 10. g3 Be7 11. O-O b6
({9:-0.42} 11... b6 12. Nbd2 Nc6 13. Qe2 Bb7 14. Re1 Rc8 15. Qf2 15... Re8 $14)
({9:-0.26} 11... Nc6 12. Nbd2 Nb6 13. Ne1 e5 14. Qh5 g6 15. Qh6 exf4 16. gxf4
$10) 12. Nbd2 Nc6 13. Rf2 Nf6 14. Rg2 Ng4 15. Qe2 Bd7 16. h3 Nf6 ({9:-0.51} 
16... Nf6 17. Ng5 Qc7 18. Rf2 h6 19. Ngf3 Qd6 20. Rf1 20... Rad8 $14) ({9:-0.33
} 16... Nh6 17. g4 b5 18. a3 a5 19. Rf2 Rc8 20. Rf1 20... Re8 $14) 17. Ne5 Qe8
({9:-0.78} 17... Qe8 18. Nxd7 Qxd7 19. Rf2 Rac8 20. Rf1 a6 21. Re1 e5 22. dxe5
$16) ({10:-0.22} 17... Nxe5 18. fxe5 Ne8 19. Qh5 g6 20. Qg4 b5 21. Rf2 b4 22.
Qf4 bxc3 23. bxc3 $10) 18. g4 Qd8 ({8:-1.01} 18... Qd8 19. g5 Ne8 20. Nxd7 Qxd7
21. Qh5 f5 22. Re2 22... Nc7 $16) ({8:-0.76} 18... h6 19. g5 hxg5 20. fxg5 Nh7
21. Nxd7 Qxd7 22. Qh5 f5 23. Qg6 $16) 19. Nef3 Bd6 ({8:-0.53} 19... Bd6 20. g5
Ne8 21. Nh4 Ne7 22. Qh5 Nf5 23. Nxf5 23... exf5 $14) ({8:-0.34} 19... b5 20. a3
a5 21. Ng5 Bd6 22. Rf2 Qe7 23. h4 $14) 20. g5 Ne8 21. Nh4 Ne7 22. Qf2 Nc7 23.
Ndf3 Qe8 24. Ne5 Bxe5 25. dxe5 Na6 26. Nf3 Nc5 27. Nd4 Ba4 28. b3 Bd7 29. Qe2
b5 30. h4 Rd8 ({8:-0.53} 30... Rd8 31. h5 Ne4 32. bxc4 Rc8 33. cxb5 Rxc3 34.
Bb2 $14) ({8:+0.18} 30... cxb3 31. axb3 Ne4 32. Bxe4 dxe4 33. Ba3 Rc8 34. Bd6
a5 35. Qd2 $10) 31. b4 Ne4 32. Bxe4 dxe4 33. Bd2 a6 ({9:-0.49} 33... a6 34. h5
Nf5 35. h6 Nh4 36. hxg7 Kxg7 37. Rh2 Ng6 38. Rh6 38... Kg8 $14) ({9:-0.18} 
33... Nf5 34. Nxf5 exf5 35. h5 Kh8 36. h6 gxh6 37. gxh6 f6 38. a4 38... bxa4
$10) 34. Rf1 Nc6 ({10:-0.45} 34... Nc6 35. h5 Kh8 36. h6 Rg8 37. a4 Qe7 38.
axb5 axb5 39. Nxb5 Nxe5 40. hxg7+ 40... Rxg7 $14) ({10:+0.06} 34... a5 35. bxa5
Ra8 36. h5 Rxa5 37. Be1 Nd5 38. h6 Ra3 39. hxg7 Kxg7 40. Qb2 $10) 35. h5 Nxd4
36. exd4 Bc6 37. Be3 Kh8 38. Rff2 Rg8 39. Rh2 Qf8 40. Rfg2 Bd5 ({10:-0.58} 
40... Bd5 41. h6 a5 42. bxa5 Ra8 43. hxg7+ Rxg7 44. Rh6 Rxa5 45. Qh5 b4 46.
cxb4 46... Qxb4 $14) ({10:-0.39} 40... a5 41. bxa5 Qa3 42. Qe1 Qxa5 43. h6 Qa3
44. hxg7+ Rxg7 45. Rh6 Qe7 46. Qe2 $14) 41. g6 Re8 42. gxh7 Kxh7 43. Qg4 Bc6 ({
9:-1.38} 43... Bc6 44. d5 Bxd5 45. Bc5 Re7 46. h6 g6 47. Bxe7 47... Qxe7 $16) (
{9:-0.48} 43... a5 44. bxa5 b4 45. Rc2 Kh8 46. Qg5 bxc3 47. Rxc3 Ra8 48. h6 $14
) 44. Rg3 Kh8 ({9:-1.15} 44... Kh8 45. Qg5 Qe7 46. h6 g6 47. Rh4 Kh7 48. Qg4
Rh8 49. a3 $16) ({9:-0.64} 44... Bd5 45. Rhg2 Qe7 46. f5 exf5 47. Qxf5+ Kh8 48.
h6 gxh6 49. Rxg8+ Rxg8 50. Rxg8+ Kxg8 51. Bxh6 $14) 45. Rgh3 Kh7 46. f5 exf5
47. Qxf5+ Kh8 48. Kf2 Qe7 49. Bg5 Bd7 50. Qf4 Qe6 51. Rh4 a5 52. h6 Qf5 53.
hxg7+ Kxg7 54. Bh6+ Kg6 55. Rg2+ Qg4 56. Rgxg4+ Bxg4 57. Qxg4+ Kh7 58. Bf8# 1-0

[Event "ICS rated blitz match"]
[Site "207.99.83.227"]
[Date "1999.03.28"]
[Round "?"]
[White "WhiteHorse"]
[Black "Hossa"]
[Result "0-1"]
[WhiteElo "2400"]
[BlackElo "2603"]
[PlyCount "94"]

1. d4 Nf6 2. c3 d5 3. e3 e6 4. Bd3 Be7 5. f4 c5 6. Nf3 c4 7. Bc2 O-O 8. O-O Bd7
9. Nbd2 Nc6 10. Ne5 Rb8 11. Rf3 Rc8 12. Rh3 Kh8 13. g4 h6 14. g5 Ng8 15. gxh6
Nxh6 16. Ng4 Rg8 17. Kh1 Bf8 18. Nf3 Qe7 19. Bb1 Qe8 20. Qc2 f5 21. Nge5 Nxe5
22. Nxe5 Bd6 23. Qg2 Bxe5 24. dxe5 Bc6 25. Kg1 d4 26. Qg3 d3 27. Bd2 Qf7 28. a3
Be4 29. Ba2 Qe8 30. Rf1 Rc7 31. b3 Qb5 32. b4 Qa4 33. Qe1 Qxa3 34. Bb1 Qa4 35.
Kf2 a5 36. bxa5 Rc5 37. Rg1 Qe8 38. Rg5 Rxa5 39. Qg1 Ra1 40. Rg6 Kh7 41. Rg5
Qd8 42. Qc1 Qb6 43. Rg1 Rga8 44. Rh5 R8a5 45. h3 Rb5 46. Rhg5 Rbxb1 47. Rxg7+
47... Kh8 {WhiteHorse resigns} 0-1

[Event "ICS rated blitz match"]
[Site "207.99.83.227"]
[Date "1999.03.28"]
[Round "?"]
[White "WhiteHorse"]
[Black "Hossa"]
[Result "0-1"]
[WhiteElo "2378"]
[BlackElo "2625"]
[PlyCount "84"]

1. d4 Nf6 2. c3 d5 3. e3 e6 4. Bd3 Be7 5. f4 c5 6. Nd2 c4 7. Bc2 O-O 8. Ngf3
Ng4 9. Qe2 Bh4+ 10. g3 Be7 11. O-O Bd7 12. h3 Nf6 13. Ne5 Nc6 14. Kh2 Bd6 15.
Ndf3 Rb8 16. Ng5 h6 17. Ngf3 Rc8 18. Rg1 Bxe5 19. fxe5 Ne8 20. e4 Qe7 21. exd5
exd5 22. Bd2 f6 23. Rae1 fxe5 24. Nxe5 Nxe5 25. dxe5 Qe6 26. g4 Qa6 27. a3 Be6
28. g5 hxg5 29. Bxg5 Qb6 30. Rg2 d4 31. cxd4 Qxd4 32. Qh5 Rf2 33. Qh7+ Kf8 34.
Re2 Rxe2 35. Rxe2 Rc5 36. Qh8+ Kf7 37. Bh7 Nf6 38. exf6 Qd6+ 39. Kg2 Rxg5+ 40.
Kf1 Bxh3+ 41. Ke1 Rg1+ 42. Kf2 42... Qg3# {WhiteHorse checkmated} 0-1

[Event "ICS rated blitz match"]
[Site "207.99.83.227"]
[Date "1999.03.28"]
[Round "?"]
[White "WhiteHorse"]
[Black "Hossa"]
[Result "1-0"]
[WhiteElo "2372"]
[BlackElo "2631"]
[Annotator "Crafty v16.6"]
[PlyCount "61"]

{annotating for player Hossa using a scoring margin of +0.10 pawns. search
time limit is 12.00} 1. d4 1... Nf6 2. c3 d5 3. e3 e6 4. Bd3 Be7 5. f4 c5 6.
Nf3 c4 ({8:-0.18} 6... c4 7. Bc2 Nc6 8. Ne5 Nxe5 9. fxe5 Nd7 10. Qh5 Bh4+ 11.
g3 $10) ({8:+0.01} 6... Nc6 7. Ne5 cxd4 8. cxd4 Nxe5 9. fxe5 Nd7 10. Qh5 Bh4+
11. g3 11... Bg5 $10) 7. Bc2 O-O ({9:-0.59} 7... O-O 8. Ng5 Nc6 9. Nd2 Bd7 10.
Ndf3 h6 11. Nh3 11... Ne4 $14) ({9:-0.19} 7... Ng4 8. Ne5 Nxe5 9. fxe5 Nc6 10.
Qh5 Bh4+ 11. g3 Bg5 12. Na3 12... Bd7 $10) 8. O-O b6 ({9:-0.61} 8... b6 9. Nbd2
Nc6 10. Ne5 Bb7 11. Ng4 Nd7 12. Qf3 12... Bh4 $14) ({9:-0.50} 8... Nc6 9. Qe2
Re8 10. Nbd2 e5 11. fxe5 Ng4 12. b3 cxb3 13. axb3 $14) 9. Nbd2 Nc6 10. Ne5 Bb7
({10:-0.63} 10... Bb7 11. Ng4 Qd6 12. Nxf6+ Bxf6 13. Qh5 g6 14. Qh6 Bg7 15. Qg5
f6 16. Qg4 $14) ({10:-0.33} 10... Nxe5 11. fxe5 Nd7 12. Qh5 g6 13. Qg4 Bb7 14.
Ba4 Rc8 15. Qf4 15... Bg5 $14) 11. Rf3 Qe8 ({9:-0.69} 11... Qe8 12. Rh3 h6 13.
Ng4 Rd8 14. Nxf6+ Bxf6 15. Qh5 Qe7 16. Rg3 16... Qd6 $14) ({9:-0.27} 11... Nxe5
12. fxe5 Ng4 13. Rg3 f5 14. h3 Nh6 15. Qe2 Bh4 16. Rf3 $10) 12. Rh3 h6 13. Ndf3
Rd8 14. Qe2 Nxe5 ({8:-0.73} 14... Nxe5 15. Nxe5 Kh8 16. Rg3 Bd6 17. Ng4 Nxg4
18. Qxg4 g5 19. Qh5 gxf4 20. Qxh6# $16) ({8:-0.57} 14... Bd6 15. Bd2 Ba6 16.
Nxc6 Qxc6 17. Bc1 Ne4 18. Nd2 Rfe8 19. Nxe4 19... dxe4 $14) 15. Nxe5 Rc8 16.
Bd2 Qb5 ({9:-0.87} 16... Qb5 17. b3 Ba6 18. a4 Qe8 19. b4 Ne4 20. Bxe4 dxe4 21.
Qh5 $16) ({9:-0.62} 16... Bd6 17. Rg3 Kh8 18. Rd1 Bxe5 19. dxe5 Ne4 20. Bxe4
dxe4 21. Qg4 21... Rg8 $14) 17. Rb1 Qa5 18. a3 Bc6 ({8:-1.20} 18... Bc6 19.
Nxc6 Rxc6 20. Qf3 b5 21. Qg3 Kh8 22. Qg5 22... Qd8 $16) ({8:-0.73} 18... Qb5
19. Qd1 Qe8 20. Rg3 Ne4 21. Bxe4 dxe4 22. Qh5 22... Bd5 $16) 19. Rf1 Ba4 20.
Bb1 Qb5 21. Bc1 Bxa3 22. g4 Bd6 23. g5 hxg5 ({9:-3.55} 23... hxg5 24. fxg5 g6
25. Rxf6 Bxe5 26. dxe5 $18) ({9:-0.52} 23... Ne4 24. gxh6 g6 25. Bxe4 dxe4 26.
Qg4 Qe8 27. Rh4 Kh7 28. Qg5 $14) 24. fxg5 Bxe5 ({7:-3.46} 24... Bxe5 25. gxf6
g6 26. dxe5 Qd7 27. Rh6 27... a6 $18) ({7:-3.30} 24... a6 25. gxf6 g6 26. Ng4
Rfd8 27. Nh6+ Kf8 28. Rh4 $18) 25. dxe5 Bd1 26. Qxd1 Rcd8 27. gxf6 g6 28. Qg4
Qxb2 29. Bxb2 Rde8 30. Qh4 a5 31. Qh8# 1-0

[Event "ICS rated blitz match"]
[Site "207.99.83.227"]
[Date "1999.03.28"]
[Round "?"]
[White "WhiteHorse"]
[Black "Hossa"]
[Result "0-1"]
[WhiteElo "2398"]
[BlackElo "2605"]
[PlyCount "60"]

1. d4 Nf6 2. c3 d5 3. e3 e6 4. Bd3 Be7 5. f4 c5 6. Nf3 Nc6 7. O-O O-O 8. Nbd2
Bd7 9. Qe2 Rc8 10. Ne5 cxd4 11. exd4 Bd6 12. Ndf3 Kh8 13. Bd2 Qb6 14. Rab1 Kg8
15. Kh1 Be8 16. Ng5 h6 17. Nh3 Ne7 18. g4 Bc6 19. g5 Ne4 20. gxh6 gxh6 21. Rg1+
Kh8 22. Qh5 Nf5 23. Nxf7+ Rxf7 24. Qxf7 Qd8 25. Qxe6 Bd7 26. Qg6 Qh4 27. Bxe4
dxe4 28. Qg4 e3 29. Be1 Bc6+ 30. Rg2 30... Qxg4 {WhiteHorse resigns} 0-1

[Event "ICS rated blitz match"]
[Site "207.99.83.227"]
[Date "1999.03.28"]
[Round "?"]
[White "Speedy"]
[Black "Hossa"]
[Result "1/2-1/2"]
[WhiteElo "2323"]
[BlackElo "2583"]
[PlyCount "89"]

1. d4 Nf6 2. Nf3 e6 3. c4 Be7 4. Nc3 O-O 5. e4 d5 6. e5 Ne4 7. Bd3 Nxc3 8. bxc3
dxc4 9. Bxc4 c5 10. Bd3 cxd4 11. cxd4 Bd7 12. O-O Bc6 13. Be3 Bd5 14. Qc2 Bxf3
15. Bxh7+ Kh8 16. gxf3 g6 17. Bxg6 Rg8 18. Kh1 fxg6 19. Rg1 g5 20. Rg4 Nc6 21.
Rag1 Qd5 22. R1g3 Rg7 23. h4 Rh7 24. Bxg5 Bxg5 25. Rxg5 Rxh4+ 26. Kg2 Rf8 27.
Qg6 Qd7 28. Rh3 Rxh3 29. Kxh3 Qh7+ 30. Rh5 Qxh5+ 31. Qxh5+ Kg7 32. Qg5+ Kh7 33.
Qh5+ Kg7 34. Qg4+ Kf7 35. Qe4 Rh8+ 36. Kg2 Ke7 37. d5 exd5 38. Qxd5 Rd8 39.
Qc5+ Ke6 40. f4 Kf5 41. Kf3 Rd3+ 42. Ke2 Rd8 43. Kf3 Rd3+ 44. Ke2 Rd8 45. Kf3 {
Game drawn by repetition} 1/2-1/2

[Event "ICS rated blitz match"]
[Site "207.99.83.227"]
[Date "1999.03.28"]
[Round "?"]
[White "Hossa"]
[Black "Speedy"]
[Result "1-0"]
[WhiteElo "2573"]
[BlackElo "2333"]
[PlyCount "24"]

1. e4 c5 2. Bc4 a6 3. Nc3 b5 4. Bxf7+ Kxf7 5. Qh5+ g6 6. Qd5+ e6 7. Qxa8 Nc6 8.
Nf3 Qc7 9. d3 b4 10. Na4 d6 11. Nxc5 dxc5 12. Qxc6 12... Qxc6 {Speedy resigns}
1-0

[Event "ICS rated bullet match"]
[Site "207.99.83.227"]
[Date "1999.03.28"]
[Round "?"]
[White "rajah"]
[Black "Hossa"]
[Result "1-0"]
[WhiteElo "2429"]
[BlackElo "2434"]
[Annotator "Crafty v16.6"]
[PlyCount "135"]

{annotating for player Hossa using a scoring margin of +0.10 pawns. search
time limit is 12.00} 1. d4 1... Nf6 2. c4 g6 3. Nc3 Bg7 4. e4 d6 5. Bg5 O-O 6.
Qd2 Nbd7 7. Nge2 Nb6 ({8:+0.03} 7... Nb6 8. Ng3 Bg4 9. f3 Bd7 10. Bh6 Bxh6 11.
Qxh6 11... Rc8 $10) ({8:+0.17} 7... c5 8. d5 Ng4 9. Nf4 Bd4 10. Bh4 Nde5 11.
Be2 $10) 8. Nf4 e5 ({8:-0.24} 8... e5 9. dxe5 dxe5 10. Qxd8 Rxd8 11. Nfd5 Nbxd5
12. Nxd5 Rd6 13. Nxc7 13... Rb8 $10) ({8:+0.19} 8... Bd7 9. Nfd5 Nfxd5 10. cxd5
c6 11. dxc6 Bxc6 12. d5 Ba4 13. Bh6 Bxh6 14. Qxh6 $10) 9. dxe5 dxe5 10. Qxd8
Rxd8 11. Nfd5 Nbxd5 ({9:-1.45} 11... Nbxd5 12. Nxd5 Rxd5 13. exd5 Bf5 14. Be2
Ne4 15. Bh4 g5 16. Bg3 $16) ({9:-1.08} 11... Nfxd5 12. Bxd8 Nxc3 13. bxc3 Bf5
14. exf5 Rxd8 15. fxg6 fxg6 16. Rd1 Rxd1+ 17. Kxd1 17... Kf7 $16) 12. Nxd5 Rd6
13. Bxf6 Bxf6 14. c5 Rc6 ({10:-2.29} 14... Rc6 15. Bb5 Rxc5 16. Nxf6+ Kg7 17.
Ne8+ Kf8 18. b4 Rxb5 19. Nxc7 Rxb4 20. Nxa8 20... Rxe4+ $18) ({10:-1.44} 14...
Rxd5 15. exd5 Bf5 16. Rd1 e4 17. Rd2 Bh4 18. Kd1 Bg5 19. Rd4 $16) 15. Bb5 Rxc5
16. Nxf6+ Kh8 ({11:-2.50} 16... Kh8 17. Bd3 Be6 18. Kd2 Kg7 19. b4 Rc6 20. Nd5
Rd8 21. b5 21... Rcd6 $18) ({11:-2.21} 16... Kg7 17. Ne8+ Kf8 18. b4 Rxb5 19.
Nxc7 Rxb4 20. Nxa8 Rxe4+ 21. Kd2 Rf4 22. Rhf1 22... Bf5 $18) 17. a4 Rc2 18. Rb1
Be6 19. Bd3 Rc6 20. O-O Rd6 ({9:-2.04} 20... Rd6 21. Nd5 Bxd5 22. exd5 c6 23.
f4 f6 24. fxe5 fxe5 25. Rf7 cxd5 26. Rxb7 $18) ({9:-1.91} 20... Rd8 21. Nd5 f5
22. Bb5 Bxd5 23. exd5 Rc5 24. f3 Rdxd5 25. Kf2 $18) 21. Bb5 c6 22. Be2 Kg7 23.
Ng4 Rd4 24. Rfe1 Rxe4 ({9:-1.63} 24... Rxe4 25. f3 Rxa4 26. Nxe5 Re8 27. Ra1
Rxa1 28. Rxa1 f6 29. Nc4 $18) ({9:-1.39} 24... f6 25. a5 Rxe4 26. Ne3 Rd8 27.
Rbd1 Rdd4 28. a6 bxa6 29. Bxa6 $16) 25. f3 Rxa4 26. Nxe5 Kh8 ({9:-2.03} 26...
Kh8 27. b3 Rd4 28. Bc4 Kg7 29. Bxe6 fxe6 30. Rbc1 Rd2 31. Re4 $18) ({9:-1.63} 
26... Re8 27. Bf1 Rb4 28. Kf2 Kf8 29. b3 f6 30. Nc4 30... h5 $18) 27. b3 Rf4 ({
10:-2.33} 27... Rf4 28. Bc4 Bd5 29. Bxd5 cxd5 30. Rbd1 Rd8 31. Rd4 Rf5 32. Kf2
32... Kg7 $18) ({10:-2.03} 27... Rd4 28. Bc4 Kg7 29. Bxe6 fxe6 30. Re3 Rad8 31.
Ra1 a6 32. Kf2 Rd2+ 33. Kg3 $18) 28. Bc4 Bd5 29. Rbd1 Rd8 30. Ng4 Rf5 ({
10:-2.90} 30... Rf5 31. Re7 b5 32. Ne3 bxc4 33. bxc4 Rg5 34. cxd5 cxd5 35. Rxf7
$18) ({10:-2.62} 30... Kg7 31. Ne3 Bxc4 32. Rxd8 Bxb3 33. Rb1 Rb4 34. Rd3 Bc2
35. Rxb4 Bxd3 36. Rxb7 $18) 31. Re7 b5 ({9:-3.62} 31... b5 32. Bxd5 Kg7 33. Ne3
Rfxd5 34. Nxd5 cxd5 35. Rxa7 35... Kf6 $18) ({9:-3.24} 31... Kg7 32. Rxb7 a5
33. Re7 Kf8 34. Ra7 Ke8 35. Bxd5 Rdxd5 36. Re1+ 36... Kd8 $18) 32. Ne3 Rh5 ({
11:-4.06} 32... Rh5 33. Bxd5 cxd5 34. g4 Rh3 35. Kg2 Rh4 36. Rxf7 h5 37. Rxa7
d4 38. Kg3 $18) ({11:-3.22} 32... bxc4 33. bxc4 Rf6 34. cxd5 cxd5 35. Rxd5 Rxd5
36. Nxd5 Rd6 37. Nc3 Rd3 38. Na4 Rd1+ 39. Kf2 $18) 33. Bxd5 cxd5 34. g4 Rh3 ({
11:-4.81} 34... Rh3 35. Kg2 Rh6 36. Rxd5 Rxd5 37. Nxd5 g5 38. Rxf7 Rd6 39. Nf6
Rd2+ 40. Kh3 40... Rd8 $18) ({11:-4.17} 34... Rh4 35. Rxd5 Rxd5 36. Nxd5 h5 37.
g5 Kg7 38. Rxa7 Rd4 39. Nf6 Rd3 40. Ne8+ 40... Kf8 $18) 35. Kg2 Rh6 36. Rxd5
Rb8 ({10:-5.44} 36... Rb8 37. Rxa7 f6 38. Re7 b4 39. Rdd7 Rc8 40. Kg3 f5 41. g5
$18) ({10:-4.88} 36... Rxd5 37. Nxd5 g5 38. Rxf7 a5 39. Rf8+ Kg7 40. Rb8 b4 41.
Rb7+ Kf8 42. Rd7 Ke8 43. Re7+ 43... Kd8 $18) 37. b4 Kg7 ({10:-5.61} 37... Kg7
38. Rdd7 Rf8 39. Rxa7 Kg8 40. Nd5 Rd8 41. g5 Rh4 42. Kg3 $18) ({10:-5.25} 37...
Kg8 38. Rxa7 f6 39. Rdd7 Rc8 40. Nd5 Kh8 41. Nxf6 Rc2+ 42. Kg3 42... Rhxh2 $18)
38. Rxa7 Kg8 ({11:-6.12} 38... Kg8 39. Nc2 Rc8 40. Nd4 Re8 41. h3 Kg7 42. Rxb5
Rh4 43. Rbb7 43... Re1 $18) ({11:-5.65} 38... Re8 39. Nf1 Re2+ 40. Kg3 Re1 41.
Kf2 Rxf1+ 42. Kxf1 Rxh2 43. Rxb5 h5 44. Kg1 44... Rb2 $18) 39. Rd6 Kg7 ({
11:-6.10} 39... Kg7 40. Rdd7 Rf8 41. Rab7 Kh8 42. h3 Re8 43. Rxf7 Rh4 44. Kg3
44... g5 $18) ({11:-5.47} 39... Re8 40. Nf5 gxf5 41. Rxh6 fxg4 42. Rf6 Re2+ 43.
Kg3 gxf3 44. Rxf3 f6 45. Rxf6 45... h5 $18) 40. Rdd7 Rf8 41. Nd5 Rh4 ({11:-6.67
} 41... Rh4 42. Kg3 Rh6 43. Nc3 g5 44. Nxb5 Rb6 45. Nc7 Rc8 46. Nd5 46... Re6
$18) ({11:-6.32} 41... g5 42. Rab7 Ra6 43. Rxb5 h5 44. gxh5 Kh6 45. Rbb7 Kxh5
46. b5 46... Re6 $18) 42. Nc3 h5 43. Kg3 g5 44. Nxb5 hxg4 ({10:-6.79} 44...
hxg4 45. fxg4 Kg6 46. Nd4 Rfh8 47. Nf3 Rh3+ 48. Kg2 R3h7 49. Ne5+ Kf6 50. Rxf7+
Rxf7 51. Nxf7 51... Re8 $18) ({10:-6.56} 44... Kg6 45. Nd4 hxg4 46. fxg4 Rfh8
47. Nf3 Rh3+ 48. Kg2 R3h7 49. Ne5+ Kf6 50. Rxf7+ Rxf7 51. Nxf7 51... Re8 $18)
45. Nd6 Kg6 46. Nxf7 Rxf7 47. Rxf7 gxf3 48. Rg7+ Kf6 49. Raf7+ Ke6 50. Rxf3
Rxb4 51. Rxg5 Rb1 52. h4 Rg1+ 53. Kf4 Ra1 54. Rg6+ Kd5 55. h5 Ra4+ 56. Kf5 Ra7
57. h6 Rf7+ 58. Rf6 Ra7 59. Kg6 Ra2 60. R3f5+ Kc4 61. h7 Rh2 62. Rh5 Rg2+ 63.
Kf7 Rg4 64. h8=Q Kd3 65. Rd6+ Ke3 66. Qc3+ Ke2 67. Rd2+ Ke1 68. Qc1# 1-0